000 00636nam a2200181 i 4500
001 49542
003 ES-MaACL
005 20230906162013.0
007 t|
008 030717s1878 po ||||1| fre d
100 1 _aCosta Alvarenga, Pedro Francisco da.
_941084
245 1 0 _aLeçons cliniques sur les maladies du coeur /
_cpar Pedro Francisco da Cosa Alvarenga ; traduit du portugais par E. Bertherand.
260 _aLisbonne :
_b[s.n.],
_c1878 (
_fImp. de l'Academie des Sciences)
300 _aXCIII, 361 p. ;
_c23 cm.
650 4 _aCorazón-
_xEnfermedades.
_9144728
700 1 _aBertherand, E.
_928446
852 _aES-MaACL
_jG-6888
999 _c49542
_d49542